[Event "World Chess Olympiad 2018"]
[Site "Batumi"]
[Date "2018.10.03"]
[Round "9"]
[Board "4"]
[WhiteFideId "1407970"]
[White "Mikkelsen Nikolaj"]
[BlackFideId "13300865"]
[Black "Hovhannisyan Mher"]
[Result "1-0"]
[LiveChessVersion "1.4.8"]
[BlackElo "2483"]
[WhiteElo "2467"]

1. e4 {[%clk 1:30:54]} e6 {[%clk 1:30:56]} 2. d4 {[%clk 1:31:14]} d5
{[%clk 1:31:23]} 3. Nd2 {[%clk 1:31:37]} Be7 {[%clk 1:31:48]} 4. e5
{[%clk 1:31:54]} c5 {[%clk 1:31:03]} 5. c3 {[%clk 1:32:18]} Nc6 {[%clk 1:29:41]}
6. Bd3 {[%clk 1:32:40]} cxd4 {[%clk 1:24:01]} 7. cxd4 {[%clk 1:32:59]} Nh6
{[%clk 1:24:16]} 8. Ne2 {[%clk 1:32:50]} Nf5 {[%clk 1:19:53]} 9. Nf3
{[%clk 1:33:06]} Nh4 {[%clk 1:01:23]} 10. Nxh4 {[%clk 1:29:32]} Bb4+
{[%clk 1:01:29]} 11. Bd2 {[%clk 1:27:50]} Bxd2+ {[%clk 1:01:51]} 12. Qxd2
{[%clk 1:27:52]} Qxh4 {[%clk 1:02:18]} 13. Rc1 {[%clk 1:03:13]} Bd7
{[%clk 0:59:30]} 14. Bb1 {[%clk 1:03:06]} f6 {[%clk 0:51:27]} 15. exf6
{[%clk 1:02:22]} Qxf6 {[%clk 0:45:52]} 16. O-O {[%clk 0:47:45]} O-O
{[%clk 0:39:55]} 17. Qd3 {[%clk 0:45:50]} Qh4 {[%clk 0:32:14]} 18. Rc3
{[%clk 0:43:25]} Rf6 {[%clk 0:19:27]} 19. Qd2 {[%clk 0:28:18]} Qh6
{[%clk 0:11:43]} 20. f4 {[%clk 0:19:25]} g6 {[%clk 0:12:09]} 21. b4
{[%clk 0:17:41]} a6 {[%clk 0:11:39]} 22. a4 {[%clk 0:17:55]} Qf8 {[%clk 0:10:14]}
23. b5 {[%clk 0:17:45]} axb5 {[%clk 0:09:09]} 24. axb5 {[%clk 0:18:10]} Na5
{[%clk 0:08:38]} 25. Bd3 {[%clk 0:17:27]} Nc4 {[%clk 0:08:35]} 26. Bxc4
{[%clk 0:16:15]} dxc4 {[%clk 0:09:04]} 27. Rb1 {[%clk 0:14:21]} Rf5
{[%clk 0:08:05]} 28. b6 {[%clk 0:10:51]} Rc8 {[%clk 0:08:26]} 29. Qa2
{[%clk 0:08:59]} Bb5 {[%clk 0:05:59]} 30. Ng3 {[%clk 0:05:41]} Rd5
{[%clk 0:06:12]} 31. Qe2 {[%clk 0:04:47]} Qf6 {[%clk 0:03:39]} 32. Qe3
{[%clk 0:02:54]} Ba6 {[%clk 0:01:14]} 33. Rd1 {[%clk 0:02:59]} Rc6
{[%clk 0:00:52]} 34. Ne4 {[%clk 0:03:01]} Qd8 {[%clk 0:00:50]} 35. g4
{[%clk 0:02:12]} Qxb6 {[%clk 0:00:34]} 36. Nf6+ {[%clk 0:02:20]} Kf7
{[%clk 0:00:46]} 37. Nxd5 {[%clk 0:01:51]} exd5 {[%clk 0:01:15]} 38. Qe5
{[%clk 0:02:11]} Qd8 {[%clk 0:00:40]} 39. Rh3 {[%clk 0:02:01]} Kg8
{[%clk 0:00:45]} 40. f5 {[%clk 0:31:12]} c3 {[%clk 0:30:42]} 41. fxg6
{[%clk 0:28:27]} Rxg6 {[%clk 0:28:10]} 42. Rxc3 {[%clk 0:28:13]} Bc4
{[%clk 0:25:30]} 43. h3 {[%clk 0:27:00]} Qf8 {[%clk 0:21:58]} 44. g5
{[%clk 0:21:32]} Rg7 {[%clk 0:10:06]} 45. Re3 {[%clk 0:19:14]} Rf7
{[%clk 0:10:28]} 46. Qg3 {[%clk 0:18:37]} Bb5 {[%clk 0:07:05]} 47. Qg2
{[%clk 0:13:17]} Rf5 {[%clk 0:06:34]} 48. Rde1 {[%clk 0:10:07]} Qf7
{[%clk 0:02:14]} 49. Re7 {[%clk 0:04:12]} Qh5 {[%clk 0:02:08]} 50. R7e5
{[%clk 0:04:31]} Rf3 {[%clk 0:01:44]} 51. g6 {[%clk 0:04:34]} Qxh3
{[%clk 0:00:49]} 52. gxh7+ {[%clk 0:04:58]} 1-0

[Event "World Chess Olympiad 2018"]
[Site "Batumi"]
[Date "2018.10.03"]
[Round "9"]
[Board "1"]
[WhiteFideId "3507416"]
[White "Bacallao Alonso Yusnel"]
[BlackFideId "7105029"]
[Black "Priasmoro Novendra"]
[Result "1/2-1/2"]
[LiveChessVersion "1.4.8"]
[BlackElo "2498"]
[WhiteElo "2588"]

1. e4 {[%clk 1:30:54]} c5 {[%clk 1:30:23]} 2. Nf3 {[%clk 1:31:18]} Nc6
{[%clk 1:30:40]} 3. Bb5 {[%clk 1:31:35]} g6 {[%clk 1:30:52]} 4. Bxc6
{[%clk 1:31:47]} dxc6 {[%clk 1:30:47]} 5. d3 {[%clk 1:32:09]} Bg7
{[%clk 1:30:50]} 6. h3 {[%clk 1:32:29]} e5 {[%clk 1:30:13]} 7. Be3
{[%clk 1:32:43]} b6 {[%clk 1:25:21]} 8. Nc3 {[%clk 1:32:11]} Ne7 {[%clk 1:21:51]}
9. Qd2 {[%clk 1:29:08]} h6 {[%clk 1:22:01]} 10. h4 {[%clk 1:19:35]} Qc7
{[%clk 1:19:52]} 11. Nh2 {[%clk 1:13:40]} Be6 {[%clk 1:18:31]} 12. f4
{[%clk 1:11:51]} exf4 {[%clk 1:16:58]} 13. Bxf4 {[%clk 1:12:03]} Be5
{[%clk 1:17:21]} 14. Bxe5 {[%clk 1:11:01]} Qxe5 {[%clk 1:17:48]} 15. O-O-O
{[%clk 1:10:53]} O-O-O {[%clk 1:17:11]} 16. Nf3 {[%clk 1:08:45]} Qc7
{[%clk 1:07:01]} 17. Kb1 {[%clk 1:07:07]} Kb7 {[%clk 1:03:31]} 18. Qe3
{[%clk 1:04:59]} f6 {[%clk 0:56:42]} 19. Rdf1 {[%clk 1:00:13]} g5
{[%clk 0:52:23]} 20. Nd2 {[%clk 0:58:25]} Qe5 {[%clk 0:48:21]} 21. Qf2
{[%clk 0:58:24]} f5 {[%clk 0:40:10]} 22. Nf3 {[%clk 0:48:06]} Qg7
{[%clk 0:38:06]} 23. hxg5 {[%clk 0:34:29]} hxg5 {[%clk 0:38:33]} 24. Rxh8
{[%clk 0:34:41]} Rxh8 {[%clk 0:38:56]} 25. Qg3 {[%clk 0:34:38]} g4
{[%clk 0:38:13]} 26. Nd2 {[%clk 0:32:03]} fxe4 {[%clk 0:32:14]} 27. Ndxe4
{[%clk 0:31:49]} Nf5 {[%clk 0:31:33]} 28. Qf4 {[%clk 0:28:55]} Qc7
{[%clk 0:28:55]} 29. Qd2 {[%clk 0:28:59]} Rh2 {[%clk 0:26:17]} 30. b3
{[%clk 0:26:12]} Nd4 {[%clk 0:24:42]} 31. Ng5 {[%clk 0:26:11]} Bf5
{[%clk 0:18:13]} 32. Nce4 {[%clk 0:23:12]} Nf3 {[%clk 0:05:52]} 33. Nxf3
{[%clk 0:18:41]} gxf3 {[%clk 0:06:20]} 34. Rxf3 {[%clk 0:18:44]} Bxe4
{[%clk 0:06:34]} 35. dxe4 {[%clk 0:19:07]} Qg7 {[%clk 0:06:53]} 36. Rf1
{[%clk 0:15:58]} Rxg2 {[%clk 0:06:45]} 37. Qe3 {[%clk 0:06:32]} Qd4
{[%clk 0:06:22]} 38. Qf3 {[%clk 0:06:22]} Rg1 {[%clk 0:03:51]} 39. Rxg1
{[%clk 0:04:54]} Qxg1+ {[%clk 0:04:18]} 40. Kb2 {[%clk 0:35:18]} Qd4+
{[%clk 0:34:31]} 41. Kc1 {[%clk 0:33:08]} b5 {[%clk 0:32:00]} 42. c3
{[%clk 0:26:55]} Qe5 {[%clk 0:29:30]} 43. Kc2 {[%clk 0:27:06]} Qh2+
{[%clk 0:27:10]} 44. Kb1 {[%clk 0:22:33]} Qd2 {[%clk 0:24:59]} 45. Qg3
{[%clk 0:20:42]} Qd1+ {[%clk 0:25:13]} 46. Kb2 {[%clk 0:21:05]} Qe2+
{[%clk 0:25:33]} 47. Kc1 {[%clk 0:20:39]} Qxe4 {[%clk 0:22:59]} 48. Qg7+
{[%clk 0:20:54]} Kb6 {[%clk 0:23:11]} 49. Qh8 {[%clk 0:20:50]} Qf4+
{[%clk 0:21:56]} 50. Kc2 {[%clk 0:20:53]} Qd6 {[%clk 0:22:04]} 51. Qc8
{[%clk 0:18:51]} a5 {[%clk 0:17:46]} 52. Qg4 {[%clk 0:17:51]} Qh2+
{[%clk 0:16:13]} 53. Kb1 {[%clk 0:18:03]} Qh1+ {[%clk 0:15:13]} 54. Kb2
{[%clk 0:18:04]} Qh8 {[%clk 0:15:03]} 55. Kc2 {[%clk 0:12:45]} b4
{[%clk 0:12:16]} 56. Qg3 {[%clk 0:12:48]} Qh7+ {[%clk 0:09:37]} 57. Kb2
{[%clk 0:12:35]} Qh8 {[%clk 0:08:14]} 58. Kc2 {[%clk 0:12:59]} Kb7
{[%clk 0:08:06]} 59. Qe3 {[%clk 0:12:17]} Qh2+ {[%clk 0:08:07]} 60. Kb1
{[%clk 0:12:23]} Qd6 {[%clk 0:06:19]} 61. Kc2 {[%clk 0:12:18]} Kb6
{[%clk 0:04:12]} 62. Kc1 {[%clk 0:10:47]} Qd5 {[%clk 0:03:31]} 63. Qg3
{[%clk 0:10:42]} Qh1+ {[%clk 0:03:02]} 64. Kb2 {[%clk 0:10:42]} Qh8
{[%clk 0:03:14]} 1/2-1/2

[Event "World Chess Olympiad 2018"]
[Site "Batumi"]
[Date "2018.10.03"]
[Round "9"]
[Board "2"]
[WhiteFideId "7101589"]
[White "Setyaki Azarya Jodi"]
[BlackFideId "3507165"]
[Black "Ortiz Suarez Isan Reynaldo"]
[Result "1/2-1/2"]
[LiveChessVersion "1.4.8"]
[BlackElo "2527"]
[WhiteElo "2316"]

1. e4 {[%clk 1:30:57]} c5 {[%clk 1:30:54]} 2. Nf3 {[%clk 1:31:19]} d6
{[%clk 1:31:20]} 3. d4 {[%clk 1:31:41]} cxd4 {[%clk 1:31:45]} 4. Nxd4
{[%clk 1:32:05]} Nf6 {[%clk 1:32:11]} 5. Nc3 {[%clk 1:32:30]} a6 {[%clk 1:32:37]}
6. f3 {[%clk 1:32:54]} e6 {[%clk 1:30:57]} 7. Be3 {[%clk 1:33:18]} b5
{[%clk 1:31:22]} 8. Qd2 {[%clk 1:33:43]} Bb7 {[%clk 1:30:35]} 9. g4
{[%clk 1:32:12]} Nfd7 {[%clk 1:30:58]} 10. O-O-O {[%clk 1:24:02]} Nb6
{[%clk 1:31:19]} 11. Nb3 {[%clk 1:20:31]} Nc6 {[%clk 1:31:31]} 12. Qf2
{[%clk 1:18:41]} Nd7 {[%clk 1:31:54]} 13. g5 {[%clk 1:15:59]} Rc8
{[%clk 1:31:57]} 14. Kb1 {[%clk 1:11:30]} Be7 {[%clk 1:31:30]} 15. Rg1
{[%clk 1:09:08]} Nce5 {[%clk 1:30:43]} 16. Ne2 {[%clk 0:56:59]} Nc4
{[%clk 1:26:12]} 17. Bc1 {[%clk 0:56:08]} O-O {[%clk 1:25:28]} 18. Nf4
{[%clk 0:56:03]} a5 {[%clk 1:19:48]} 19. Nd4 {[%clk 0:39:04]} Qb6
{[%clk 0:52:47]} 20. Bh3 {[%clk 0:35:51]} Nde5 {[%clk 0:43:31]} 21. Nh5
{[%clk 0:21:47]} Ng6 {[%clk 0:36:18]} 22. b3 {[%clk 0:18:55]} Rb8
{[%clk 0:36:25]} 23. Ka1 {[%clk 0:16:53]} Bc8 {[%clk 0:33:29]} 24. bxc4
{[%clk 0:13:12]} bxc4 {[%clk 0:33:44]} 25. Ba3 {[%clk 0:13:31]} e5
{[%clk 0:33:57]} 26. Bxc8 {[%clk 0:11:56]} Rfxc8 {[%clk 0:33:13]} 27. c3
{[%clk 0:10:39]} exd4 {[%clk 0:32:18]} 28. Qxd4 {[%clk 0:10:42]} Ne5
{[%clk 0:30:35]} 29. Rgf1 {[%clk 0:03:55]} Bf8 {[%clk 0:28:43]} 30. Qxb6
{[%clk 0:04:14]} Rxb6 {[%clk 0:29:08]} 31. Rd4 {[%clk 0:04:43]} Rcb8
{[%clk 0:27:15]} 32. f4 {[%clk 0:02:50]} Nc6 {[%clk 0:21:09]} 33. Rd5
{[%clk 0:02:51]} Na7 {[%clk 0:14:08]} 34. Rxa5 {[%clk 0:02:00]} Nb5
{[%clk 0:14:33]} 35. Bb2 {[%clk 0:01:36]} d5 {[%clk 0:13:48]} 36. exd5
{[%clk 0:01:45]} Nd4 {[%clk 0:14:13]} 37. cxd4 {[%clk 0:01:43]} Rxb2
{[%clk 0:14:37]} 38. Ra8 {[%clk 0:01:35]} c3 {[%clk 0:14:35]} 39. Rxb8
{[%clk 0:01:02]} Rxb8 {[%clk 0:15:00]} 40. Ng3 {[%clk 0:30:40]} Ba3
{[%clk 0:40:14]} 41. Rf2 {[%clk 0:30:08]} Re8 {[%clk 0:37:56]} 42. Kb1
{[%clk 0:30:25]} Rb8+ {[%clk 0:38:22]} 43. Ka1 {[%clk 0:30:52]} Rb4
{[%clk 0:29:24]} 44. Ne4 {[%clk 0:28:21]} Rxd4 {[%clk 0:28:34]} 45. Nxc3
{[%clk 0:28:17]} Rd3 {[%clk 0:29:00]} 46. Rc2 {[%clk 0:28:10]} g6
{[%clk 0:29:24]} 47. Nb1 {[%clk 0:22:38]} Bd6 {[%clk 0:29:18]} 48. Rc4
{[%clk 0:22:27]} Rxd5 {[%clk 0:24:30]} 49. Nc3 {[%clk 0:22:02]} Rf5
{[%clk 0:24:37]} 50. Ne2 {[%clk 0:22:26]} Rd5 {[%clk 0:20:15]} 51. Kb2
{[%clk 0:15:49]} Rd2+ {[%clk 0:19:51]} 52. Rc2 {[%clk 0:16:15]} Rd3
{[%clk 0:19:54]} 53. a4 {[%clk 0:09:35]} Ba3+ {[%clk 0:10:33]} 54. Ka2
{[%clk 0:09:43]} Bf8 {[%clk 0:09:14]} 55. Nc3 {[%clk 0:08:21]} Rd4
{[%clk 0:08:33]} 56. a5 {[%clk 0:06:49]} Bb4 {[%clk 0:08:05]} 57. Nb5
{[%clk 0:06:54]} Rd5 {[%clk 0:08:12]} 58. Rc8+ {[%clk 0:07:16]} Kg7
{[%clk 0:08:09]} 59. Nc7 {[%clk 0:07:14]} Rxa5+ {[%clk 0:06:34]} 60. Kb3
{[%clk 0:07:44]} Bf8 {[%clk 0:06:56]} 61. Ne8+ {[%clk 0:07:38]} Kg8
{[%clk 0:07:17]} 62. Nf6+ {[%clk 0:07:57]} Kg7 {[%clk 0:07:44]} 63. Ne8+
{[%clk 0:02:17]} Kg8 {[%clk 0:08:10]} 64. Nf6+ {[%clk 0:02:45]} Kg7
{[%clk 0:08:37]} 65. h4 {[%clk 0:02:02]} h5 {[%clk 0:08:41]} 66. Rd8
{[%clk 0:02:07]} Ra3+ {[%clk 0:07:59]} 67. Kc2 {[%clk 0:02:11]} Rf3
{[%clk 0:07:32]} 68. Ne8+ {[%clk 0:02:24]} Kh7 {[%clk 0:07:33]} 69. Nf6+
{[%clk 0:02:42]} Kg7 {[%clk 0:08:00]} 1/2-1/2

[Event "World Chess Olympiad 2018"]
[Site "Batumi"]
[Date "2018.10.03"]
[Round "9"]
[Board "3"]
[WhiteFideId "3503313"]
[White "Almeida Quintana Omar"]
[BlackFideId "7103255"]
[Black "Andyka Pitra"]
[Result "1-0"]
[LiveChessVersion "1.4.8"]
[BlackElo "2274"]
[WhiteElo "2540"]

1. d4 {[%clk 1:30:56]} Nf6 {[%clk 1:30:44]} 2. c4 {[%clk 1:31:16]} d6
{[%clk 1:31:01]} 3. Nc3 {[%clk 1:29:02]} Nbd7 {[%clk 1:31:13]} 4. e4
{[%clk 1:28:54]} e5 {[%clk 1:31:30]} 5. d5 {[%clk 1:28:16]} Be7 {[%clk 1:30:14]}
6. Bd3 {[%clk 1:27:59]} O-O {[%clk 1:29:33]} 7. Nge2 {[%clk 1:27:01]} c6
{[%clk 1:28:52]} 8. O-O {[%clk 1:26:36]} a6 {[%clk 1:25:56]} 9. Ng3
{[%clk 1:18:21]} Ne8 {[%clk 1:19:02]} 10. Nf5 {[%clk 1:14:06]} Bg5
{[%clk 1:13:47]} 11. Bxg5 {[%clk 1:08:58]} Qxg5 {[%clk 1:14:11]} 12. dxc6
{[%clk 1:07:35]} bxc6 {[%clk 1:14:29]} 13. Bc2 {[%clk 1:06:36]} Nc5
{[%clk 1:07:18]} 14. b4 {[%clk 0:59:09]} Ne6 {[%clk 1:02:34]} 15. Ne2
{[%clk 0:53:46]} g6 {[%clk 0:41:05]} 16. Ne3 {[%clk 0:49:54]} f5 {[%clk 0:38:55]}
17. exf5 {[%clk 0:43:24]} gxf5 {[%clk 0:39:18]} 18. h4 {[%clk 0:43:44]} Qg6
{[%clk 0:26:35]} 19. f4 {[%clk 0:43:28]} e4 {[%clk 0:26:27]} 20. Kh2
{[%clk 0:40:22]} Qf6 {[%clk 0:23:57]} 21. g3 {[%clk 0:38:12]} a5 {[%clk 0:18:31]}
22. b5 {[%clk 0:36:57]} c5 {[%clk 0:17:53]} 23. Qd5 {[%clk 0:31:12]} Ra7
{[%clk 0:17:00]} 24. Rad1 {[%clk 0:27:09]} Rg7 {[%clk 0:16:56]} 25. Qd2
{[%clk 0:21:28]} Kh8 {[%clk 0:16:42]} 26. Nd5 {[%clk 0:21:12]} Qh6
{[%clk 0:16:26]} 27. Qxa5 {[%clk 0:21:10]} Rfg8 {[%clk 0:14:53]} 28. Qc3
{[%clk 0:20:30]} Bb7 {[%clk 0:14:38]} 29. Ne3 {[%clk 0:19:56]} Nf6
{[%clk 0:08:14]} 30. Rg1 {[%clk 0:12:54]} Qh5 {[%clk 0:06:00]} 31. Rg2
{[%clk 0:11:44]} Ng4+ {[%clk 0:05:48]} 32. Nxg4 {[%clk 0:11:59]} Qxg4
{[%clk 0:06:17]} 33. Rf2 {[%clk 0:10:27]} Re8 {[%clk 0:03:09]} 34. Qe3
{[%clk 0:10:14]} Rd8 {[%clk 0:02:26]} 35. a4 {[%clk 0:09:59]} Rg6
{[%clk 0:02:37]} 36. a5 {[%clk 0:08:29]} Rdg8 {[%clk 0:02:44]} 37. a6 Rh6
{[%clk 0:02:16]} 38. axb7 {[%clk 0:08:45]} Rxh4+ {[%clk 0:02:37]} 39. Kg1
{[%clk 0:09:03]} Qh3 {[%clk 0:02:26]} 40. Rg2 {[%clk 0:39:24]} Rhg4
{[%clk 0:31:45]} 41. Rxd6 {[%clk 0:39:05]} Nd4 {[%clk 0:23:26]} 42. Rxd4
{[%clk 0:39:19]} cxd4 {[%clk 0:23:24]} 43. Qxd4+ {[%clk 0:39:44]} R4g7
{[%clk 0:23:43]} 44. Qe5 {[%clk 0:40:03]} 1-0

[Event "World Chess Olympiad 2018"]
[Site "Batumi"]
[Date "2018.10.03"]
[Round "9"]
[Board "4"]
[WhiteFideId "7103735"]
[White "Kurniawan Muhamad Agus"]
[BlackFideId "3509362"]
[Black "Quesada Perez Yasser"]
[Result "0-1"]
[LiveChessVersion "1.4.8"]
[BlackElo "2523"]
[WhiteElo "2239"]

1. e4 {[%clk 1:30:59]} c5 {[%clk 1:30:51]} 2. Nf3 {[%clk 1:31:24]} Nc6
{[%clk 1:31:15]} 3. d4 {[%clk 1:31:13]} cxd4 {[%clk 1:31:39]} 4. Nxd4
{[%clk 1:31:41]} Qb6 {[%clk 1:32:02]} 5. Nb3 {[%clk 1:31:08]} Nf6
{[%clk 1:32:26]} 6. Nc3 {[%clk 1:30:04]} e6 {[%clk 1:32:50]} 7. Qe2
{[%clk 1:30:16]} Bb4 {[%clk 1:32:57]} 8. Bd2 {[%clk 1:30:44]} O-O
{[%clk 1:32:33]} 9. a3 {[%clk 1:26:00]} Bxc3 {[%clk 1:32:36]} 10. Bxc3
{[%clk 1:26:21]} e5 {[%clk 1:33:01]} 11. O-O-O {[%clk 1:00:57]} a5
{[%clk 1:33:26]} 12. Rd3 {[%clk 0:43:16]} Rd8 {[%clk 1:28:13]} 13. f4
{[%clk 0:30:02]} d5 {[%clk 1:26:50]} 14. fxe5 {[%clk 0:23:32]} Nxe4
{[%clk 1:26:59]} 15. Bd4 {[%clk 0:19:00]} Nxd4 {[%clk 1:11:57]} 16. Nxd4
{[%clk 0:19:28]} Qc7 {[%clk 1:12:06]} 17. g3 {[%clk 0:16:52]} b6 {[%clk 1:10:54]}
18. Qe3 {[%clk 0:15:10]} Bb7 {[%clk 1:07:27]} 19. e6 {[%clk 0:14:55]} Re8
{[%clk 1:02:34]} 20. Bh3 {[%clk 0:08:22]} Nc5 {[%clk 1:02:26]} 21. Rc3
{[%clk 0:02:13]} fxe6 {[%clk 1:02:37]} 22. Re1 {[%clk 0:02:04]} e5
{[%clk 0:43:19]} 23. Ne6 {[%clk 0:02:00]} Qf7 {[%clk 0:43:15]} 24. Qxe5
{[%clk 0:00:39]} d4 {[%clk 0:43:44]} 25. Rxc5 {[%clk 0:00:41]} bxc5
{[%clk 0:44:08]} 26. Rf1 {[%clk 0:00:40]} Qg6 {[%clk 0:37:57]} 27. Qc7
{[%clk 0:00:34]} Bd5 {[%clk 0:34:55]} 28. Nf4 {[%clk 0:00:36]} Qc6
{[%clk 0:33:57]} 29. Be6+ {[%clk 0:00:32]} Rxe6 {[%clk 0:31:57]} 30. Nxd5
{[%clk 0:01:01]} Qe8 {[%clk 0:32:21]} 31. b3 {[%clk 0:00:35]} Rd8
{[%clk 0:28:43]} 32. Nf4 {[%clk 0:00:45]} Re1+ {[%clk 0:28:44]} 33. Rxe1
{[%clk 0:01:13]} Qxe1+ {[%clk 0:29:08]} 34. Kb2 {[%clk 0:01:39]} Qc3+
{[%clk 0:28:53]} 35. Kb1 {[%clk 0:02:08]} Re8 {[%clk 0:29:11]} 36. Nd3
{[%clk 0:02:19]} Rf8 {[%clk 0:21:32]} 37. Qe5 {[%clk 0:01:04]} Rf1+
{[%clk 0:08:13]} 38. Nc1 {[%clk 0:01:33]} g6 {[%clk 0:08:19]} 39. Qe8+
{[%clk 0:01:19]} Kg7 {[%clk 0:08:37]} 40. Qe7+ {[%clk 0:31:43]} Rf7
{[%clk 0:38:59]} 41. Qe5+ {[%clk 0:27:51]} Kh6 {[%clk 0:37:19]} 42. Qe6
{[%clk 0:24:08]} Rf2 {[%clk 0:37:29]} 43. Qh3+ {[%clk 0:24:14]} Kg7
{[%clk 0:37:55]} 44. Qd7+ {[%clk 0:24:35]} Rf7 {[%clk 0:38:20]} 45. Qd5
{[%clk 0:23:47]} a4 {[%clk 0:36:54]} 46. Qe5+ {[%clk 0:08:09]} Kh6
{[%clk 0:37:17]} 47. h4 {[%clk 0:05:49]} Qe3 {[%clk 0:37:00]} 48. Qxc5
{[%clk 0:00:59]} Rf1 {[%clk 0:37:20]} 49. Qg5+ {[%clk 0:01:26]} Qxg5
{[%clk 0:37:46]} 50. hxg5+ {[%clk 0:01:53]} Kxg5 {[%clk 0:38:11]} 51. bxa4
{[%clk 0:02:03]} Kg4 {[%clk 0:38:32]} 52. Kb2 {[%clk 0:00:43]} h5
{[%clk 0:38:58]} 53. Ne2 {[%clk 0:00:41]} d3 {[%clk 0:39:21]} 0-1

[Event "World Chess Olympiad 2018"]
[Site "Batumi"]
[Date "2018.10.03"]
[Round "9"]
[Board "1"]
[WhiteFideId "7000812"]
[White "Kojima Shinya"]
[BlackFideId "3801497"]
[Black "Cordova Emilio"]
[Result "1/2-1/2"]
[LiveChessVersion "1.4.8"]
[BlackElo "2609"]
[WhiteElo "2408"]

1. Nf3 {[%clk 1:30:49]} Nf6 {[%clk 1:30:49]} 2. c4 {[%clk 1:31:11]} c5
{[%clk 1:30:52]} 3. Nc3 {[%clk 1:31:26]} b6 {[%clk 1:31:06]} 4. g3
{[%clk 1:31:43]} Bb7 {[%clk 1:31:31]} 5. Bg2 {[%clk 1:32:07]} d6 {[%clk 1:31:23]}
6. O-O {[%clk 1:31:24]} Nbd7 {[%clk 1:29:56]} 7. d4 {[%clk 1:30:18]} cxd4
{[%clk 1:30:20]} 8. Qxd4 {[%clk 1:30:29]} a6 {[%clk 1:26:58]} 9. Rd1
{[%clk 1:28:40]} Rc8 {[%clk 1:27:04]} 10. b3 {[%clk 1:27:44]} e6 {[%clk 1:25:09]}
11. e4 {[%clk 1:23:22]} Be7 {[%clk 1:25:15]} 12. Ba3 {[%clk 1:21:16]} Nc5
{[%clk 1:23:14]} 13. e5 {[%clk 1:18:35]} dxe5 {[%clk 1:11:13]} 14. Qxd8+
{[%clk 1:16:43]} Bxd8 {[%clk 1:11:32]} 15. Nxe5 {[%clk 1:15:30]} Bxg2
{[%clk 1:11:53]} 16. Kxg2 {[%clk 1:15:50]} Be7 {[%clk 1:07:18]} 17. Bb2
{[%clk 1:03:51]} h5 {[%clk 0:59:19]} 18. h3 {[%clk 1:00:58]} Rc7 {[%clk 0:50:43]}
19. Rd4 {[%clk 0:50:29]} Nfd7 {[%clk 0:41:40]} 20. Nxd7 {[%clk 0:48:17]} Rxd7
{[%clk 0:41:25]} 21. Rxd7 {[%clk 0:44:42]} Kxd7 {[%clk 0:37:50]} 22. b4
{[%clk 0:35:36]} Nb7 {[%clk 0:38:13]} 23. Na4 {[%clk 0:34:30]} Bxb4
{[%clk 0:34:37]} 24. Bxg7 {[%clk 0:33:39]} Rg8 {[%clk 0:35:01]} 25. Bd4
{[%clk 0:24:11]} Bc5 {[%clk 0:33:47]} 26. Bxc5 {[%clk 0:17:17]} bxc5
{[%clk 0:34:05]} 27. Rb1 {[%clk 0:15:34]} Kc7 {[%clk 0:34:29]} 28. Rb6
{[%clk 0:11:48]} a5 {[%clk 0:32:09]} 29. Rb5 {[%clk 0:10:50]} Kc6
{[%clk 0:32:32]} 30. Rb6+ {[%clk 0:11:11]} Kc7 {[%clk 0:32:58]} 31. Rb5
{[%clk 0:11:04]} Kc6 {[%clk 0:33:17]} 32. Rb6+ {[%clk 0:10:07]} Kc7
{[%clk 0:33:43]} 1/2-1/2

[Event "World Chess Olympiad 2018"]
[Site "Batumi"]
[Date "2018.10.03"]
[Round "9"]
[Board "2"]
[WhiteFideId "3802272"]
[White "Cori Jorge"]
[BlackFideId "7000634"]
[Black "Nanjo Ryosuke"]
[Result "1-0"]
[LiveChessVersion "1.4.8"]
[BlackElo "2324"]
[WhiteElo "2664"]

1. c4 {[%clk 1:30:58]} Nf6 {[%clk 1:30:43]} 2. Nc3 {[%clk 1:28:01]} g6
{[%clk 1:31:03]} 3. g3 {[%clk 1:27:26]} Bg7 {[%clk 1:30:55]} 4. Bg2
{[%clk 1:27:53]} O-O {[%clk 1:31:12]} 5. Nf3 {[%clk 1:27:45]} c6 {[%clk 1:30:07]}
6. d3 {[%clk 1:24:03]} d5 {[%clk 1:29:56]} 7. cxd5 {[%clk 1:24:25]} cxd5
{[%clk 1:30:21]} 8. O-O {[%clk 1:24:52]} Nc6 {[%clk 1:30:25]} 9. Bf4
{[%clk 1:20:53]} d4 {[%clk 1:15:45]} 10. Na4 {[%clk 1:07:24]} Nd5
{[%clk 1:15:00]} 11. Bd2 {[%clk 1:06:58]} b6 {[%clk 1:06:14]} 12. Rc1
{[%clk 0:57:35]} Bb7 {[%clk 1:03:20]} 13. a3 {[%clk 0:32:50]} Qd7
{[%clk 0:52:15]} 14. b4 {[%clk 0:33:11]} Ne5 {[%clk 0:45:54]} 15. Nxe5
{[%clk 0:30:03]} Bxe5 {[%clk 0:46:19]} 16. Qb3 {[%clk 0:28:54]} h5
{[%clk 0:26:59]} 17. b5 {[%clk 0:10:13]} h4 {[%clk 0:26:03]} 18. Nb2
{[%clk 0:08:11]} Kg7 {[%clk 0:23:35]} 19. f4 {[%clk 0:03:43]} Bf6
{[%clk 0:23:54]} 20. Rc6 {[%clk 0:02:24]} Rad8 {[%clk 0:23:21]} 21. Qxd5
{[%clk 0:01:44]} Qxd5 {[%clk 0:23:44]} 22. Bxd5 {[%clk 0:02:11]} Rxd5
{[%clk 0:24:07]} 23. Rc7 {[%clk 0:02:38]} Rxb5 {[%clk 0:23:49]} 24. Nc4
{[%clk 0:02:55]} Bc8 {[%clk 0:22:09]} 25. Bb4 {[%clk 0:03:02]} Re8
{[%clk 0:09:13]} 26. Rxa7 {[%clk 0:03:27]} Bg4 {[%clk 0:09:24]} 27. Kf2
{[%clk 0:01:38]} hxg3+ {[%clk 0:08:35]} 28. hxg3 {[%clk 0:01:16]} Rh5
{[%clk 0:08:59]} 29. Ke1 {[%clk 0:00:48]} Rh2 {[%clk 0:02:08]} 30. Rf2
{[%clk 0:01:13]} Rxf2 {[%clk 0:02:18]} 31. Kxf2 {[%clk 0:01:39]} Rh8
{[%clk 0:02:40]} 32. Bxe7 {[%clk 0:00:34]} Rh2+ {[%clk 0:02:58]} 33. Kf1
{[%clk 0:00:50]} Bxe2+ {[%clk 0:00:54]} 34. Kg1 {[%clk 0:01:15]} Rh7
{[%clk 0:01:01]} 35. Nd6 {[%clk 0:00:39]} Bxe7 {[%clk 0:00:56]} 36. Rxe7
{[%clk 0:01:04]} Bxd3 {[%clk 0:01:20]} 37. Rxf7+ {[%clk 0:01:25]} Kg8
{[%clk 0:01:01]} 38. Rxh7 {[%clk 0:01:50]} Kxh7 {[%clk 0:01:30]} 39. Kf2
{[%clk 0:01:43]} Kg7 {[%clk 0:00:47]} 40. Nc8 {[%clk 0:31:16]} b5
{[%clk 0:30:43]} 41. Na7 {[%clk 0:30:25]} Kf6 {[%clk 0:26:01]} 42. Nc6
{[%clk 0:30:11]} g5 {[%clk 0:26:21]} 43. Nxd4 {[%clk 0:24:38]} gxf4
{[%clk 0:26:45]} 44. gxf4 {[%clk 0:25:00]} Ke7 {[%clk 0:25:11]} 45. Ke3
{[%clk 0:25:26]} Bc4 {[%clk 0:24:28]} 46. Nc2 {[%clk 0:21:27]} Kd6
{[%clk 0:18:20]} 47. Kd4 {[%clk 0:21:52]} Ke6 {[%clk 0:14:18]} 48. Kc5
{[%clk 0:20:36]} Bd3 {[%clk 0:12:59]} 49. Ne3 {[%clk 0:21:00]} Be2
{[%clk 0:12:53]} 50. Kd4 {[%clk 0:21:21]} Bf3 {[%clk 0:11:41]} 51. Nf1
{[%clk 0:15:23]} Be2 {[%clk 0:10:40]} 52. Ng3 {[%clk 0:15:44]} Bc4
{[%clk 0:10:04]} 53. a4 {[%clk 0:12:48]} Kd6 {[%clk 0:08:27]} 54. Ne4+
{[%clk 0:13:10]} Ke6 {[%clk 0:08:17]} 55. Nc3 {[%clk 0:06:40]} Kf5
{[%clk 0:04:14]} 56. Nxb5 {[%clk 0:07:04]} Bb3 {[%clk 0:04:05]} 57. a5
{[%clk 0:07:29]} Kxf4 {[%clk 0:04:16]} 58. a6 {[%clk 0:07:50]} Bd1
{[%clk 0:03:35]} 59. Nc3 {[%clk 0:08:11]} Bf3 {[%clk 0:03:50]} 60. Nd5+
{[%clk 0:08:36]} 1-0